00419pab a2200133 454500008004000000100003100040245009500071260000900166300001100175362001400186650002400200700002000224773004100244180718b1984 xxu||||| |||| 00| 0 eng d aFeldman - Summers, Shirley aDifferences between rape victims who report and those who do not report to a public agency c1984 a562-73 aNov.-Dec. aSex Crimes - U.S.A. aJeanette Norris aJournal of Applied Social Psychology